[Event "DVM U14w 2016"]
[Site "Düsseldorf GER"]
[Date "2016.12.30"]
[Round "7"]
[White "Kogan, Dina Rachel"]
[Black "Kublanov, Elizabeth"]
[Result "0-1"]
[Termination "normal"]
[Board "1.3"]
[WhiteElo "1256"]
[BlackElo "1505"]
[WhiteClock "00:18:15"]
[BlackClock "00:04:17"]
[WhiteTeam "Düsseldorfer SK"]
[BlackTeam "SG Solingen"]
[PlyCount "102"]
[WhiteFideId "16200608"]
[BlackFideId "12944564"]
[EventCountry "GER"]
[EventRounds "7"]
[EventType "team-swiss"]
[EventDate "2016.12.26"]

1. e4 {[%clk 1:30:58]} c5 {[%clk 1:30:47]} 2. b3 {[%clk 1:31:23]} d6 {[%clk
1:29:40]} 3. Bb2 {[%clk 1:31:38]} e5 {[%clk 1:29:18]} 4. Nc3 {[%clk 1:29:39]}
Nf6 {[%clk 1:28:19]} 5. Bc4 {[%clk 1:29:11]} Be7 {[%clk 1:26:49]} 6. Nge2
{[%clk 1:28:13]} O-O {[%clk 1:25:52]} 7. O-O {[%clk 1:28:35]} Be6 {[%clk
1:25:00]} 8. f4 {[%clk 1:26:16]} Nc6 {[%clk 1:20:45]} 9. Nd5 {[%clk 1:25:59]}
Nxe4 {[%clk 1:19:32]} 10. Nxe7+ {[%clk 1:24:55]} Qxe7 11. Bd3 {[%clk 1:25:07]}
Nf6 {[%clk 1:17:54]} 12. f5 {[%clk 1:25:31]} Bd7 {[%clk 1:14:32]} 13. Ng3
{[%clk 1:24:09]} d5 {[%clk 1:12:45]} 14. Nh5 {[%clk 1:21:14]} Nxh5 {[%clk
1:08:40]} 15. Qxh5 {[%clk 1:17:55]} Qf6 {[%clk 1:07:05]} 16. a3 {[%clk
1:15:51]} Kh8 {[%clk 0:52:41]} 17. Rf3 {[%clk 1:06:18]} Nd4 {[%clk 0:41:08]}
18. Rh3 {[%clk 1:04:32]} h6 {[%clk 0:32:35]} 19. Bxd4 {[%clk 0:56:01]} cxd4
{[%clk 0:31:49]} 20. Rf1 {[%clk 0:55:27]} Rac8 {[%clk 0:27:55]} 21. Qd1 {[%clk
0:40:51]} Qc6 {[%clk 0:22:39]} 22. a4 {[%clk 0:35:59]} a6 {[%clk 0:22:05]} 23.
g4 {[%clk 0:28:24]} f6 {[%clk 0:19:38]} 24. Rh5 {[%clk 0:19:52]} Be8 {[%clk
0:18:34]} 25. Rh4 {[%clk 0:19:47]} e4 {[%clk 0:18:09]} 26. Be2 {[%clk 0:20:00]}
Qxc2 {[%clk 0:17:56]} 27. Kf2 {[%clk 0:17:10]} d3 {[%clk 0:14:26]} 28. Qxc2
{[%clk 0:16:13]} dxc2 {[%clk 0:13:53]} 29. Rc1 {[%clk 0:16:41]} d4 {[%clk
0:12:06]} 30. Bc4 {[%clk 0:16:15]} d3 {[%clk 0:10:44]} 31. Ke3 {[%clk 0:16:25]}
Bf7 {[%clk 0:07:25]} 32. Bxf7 {[%clk 0:16:32]} Rxf7 {[%clk 0:07:54]} 33. Kxe4
{[%clk 0:16:59]} Rd7 {[%clk 0:07:52]} 34. Rh3 {[%clk 0:16:47]} Re8+ {[%clk
0:07:32]} 35. Kf4 {[%clk 0:15:23]} Re2 {[%clk 0:07:39]} 36. Re3 {[%clk
0:15:23]} Rxd2 {[%clk 0:06:34]} 37. Ree1 {[%clk 0:15:47]} Kh7 {[%clk 0:05:21]}
38. h4 {[%clk 0:15:37]} Rh2 {[%clk 0:02:57]} 39. Kg3 {[%clk 0:16:01]} d2 {[%clk
0:02:52]} 40. Red1 {[%clk 0:14:57]} dxc1=Q 41. Rxc1 {[%clk 0:15:22]} Rd1 {[%clk
0:02:55]} 42. Rxd1 {[%clk 0:15:34]} cxd1=Q {[%clk 0:03:17]} 43. Kxh2 {[%clk
0:16:02]} Qxb3 {[%clk 0:03:41]} 44. g5 {[%clk 0:16:01]} fxg5 {[%clk 0:03:18]}
45. hxg5 {[%clk 0:16:19]} hxg5 {[%clk 0:03:30]} 46. a5 {[%clk 0:16:45]} g4
{[%clk 0:03:39]} 47. f6 {[%clk 0:17:01]} gxf6 {[%clk 0:03:47]} 48. Kg2 {[%clk
0:17:22]} Qf3+ {[%clk 0:04:05]} 49. Kg1 {[%clk 0:17:38]} Kh6 {[%clk 0:03:34]}
50. Kh2 {[%clk 0:17:56]} g3+ {[%clk 0:03:55]} 51. Kg1 {[%clk 0:18:15]} Qf2+
{[%clk 0:04:17]} 0-1

[Event "DVM U14w 2016"]
[Site "Düsseldorf GER"]
[Date "2016.12.30"]
[Round "7"]
[White "Bashylina, Luisa"]
[Black "Paulweber, Lara Maria"]
[Result "0-1"]
[Termination "normal"]
[Board "1.4"]
[WhiteElo "1550"]
[BlackElo "1389"]
[WhiteClock "00:45:33"]
[BlackClock "00:07:26"]
[WhiteTeam "SG Solingen"]
[BlackTeam "Düsseldorfer SK"]
[PlyCount "144"]
[WhiteFideId "12983292"]
[BlackFideId "12954411"]
[EventCountry "GER"]
[EventRounds "7"]
[EventType "team-swiss"]
[EventDate "2016.12.26"]

1. e4 {[%clk 1:30:57]} e6 {[%clk 1:30:54]} 2. d4 {[%clk 1:31:23]} d5 {[%clk
1:31:22]} 3. e5 {[%clk 1:31:47]} c5 {[%clk 1:31:33]} 4. c3 {[%clk 1:32:14]} Nc6
{[%clk 1:31:59]} 5. Nf3 {[%clk 1:32:34]} Qb6 {[%clk 1:32:20]} 6. Bd3 {[%clk
1:32:38]} cxd4 {[%clk 1:32:38]} 7. cxd4 {[%clk 1:33:01]} Bd7 {[%clk 1:33:03]}
8. O-O {[%clk 1:33:21]} Nxd4 {[%clk 1:33:22]} 9. Nxd4 {[%clk 1:33:44]} Qxd4
{[%clk 1:33:07]} 10. Nc3 {[%clk 1:33:48]} a6 {[%clk 1:33:16]} 11. a3 {[%clk
1:29:15]} Ne7 {[%clk 1:33:09]} 12. Kh1 {[%clk 1:28:10]} Nc6 {[%clk 1:32:31]}
13. f4 {[%clk 1:27:51]} Be7 {[%clk 1:18:17]} 14. Re1 {[%clk 1:27:51]} Qb6
{[%clk 1:15:16]} 15. Na4 {[%clk 1:19:40]} Qc7 {[%clk 1:11:06]} 16. Be3 {[%clk
1:19:08]} d4 {[%clk 1:09:24]} 17. Bf2 {[%clk 1:11:25]} b5 {[%clk 1:08:50]} 18.
Be4 {[%clk 1:08:26]} bxa4 {[%clk 1:07:11]} 19. Rc1 {[%clk 1:08:47]} Rc8 {[%clk
0:59:22]} 20. Qf3 {[%clk 1:07:15]} Qb6 {[%clk 0:52:21]} 21. Red1 {[%clk
0:58:23]} O-O {[%clk 0:42:09]} 22. Qd3 {[%clk 0:57:16]} g6 {[%clk 0:34:26]} 23.
h4 {[%clk 0:51:34]} Qxb2 {[%clk 0:27:28]} 24. Qg3 {[%clk 0:51:09]} Qxa3 {[%clk
0:23:12]} 25. Qg4 {[%clk 0:51:26]} h5 {[%clk 0:21:30]} 26. Qe2 {[%clk 0:51:23]}
d3 {[%clk 0:18:45]} 27. Bxd3 {[%clk 0:50:54]} Nd4 {[%clk 0:17:26]} 28. Qf1
{[%clk 0:48:17]} Rxc1 {[%clk 0:15:19]} 29. Rxc1 {[%clk 0:48:37]} Bb5 {[%clk
0:11:46]} 30. Bxb5 {[%clk 0:47:50]} Nxb5 {[%clk 0:11:55]} 31. Ra1 {[%clk
0:47:53]} Qb4 {[%clk 0:11:24]} 32. Be3 {[%clk 0:46:21]} Rc8 {[%clk 0:10:17]}
33. Rb1 {[%clk 0:46:20]} Qe4 {[%clk 0:09:07]} 34. Qg1 {[%clk 0:44:21]} Bc5
{[%clk 0:08:08]} 35. Rc1 {[%clk 0:41:49]} Qxe3 {[%clk 0:03:36]} 36. Qxe3 {[%clk
0:42:08]} Bxe3 {[%clk 0:04:00]} 37. Rxc8+ {[%clk 0:42:35]} Kg7 {[%clk 0:04:19]}
38. Rc4 {[%clk 0:42:23]} a3 {[%clk 0:03:46]} 39. Ra4 {[%clk 0:42:45]} Bc1
{[%clk 0:03:09]} 40. Rc4 {[%clk 0:41:42]} Bb2 {[%clk 0:02:29]} 41. Ra4 {[%clk
0:39:31]} Nc3 {[%clk 0:02:14]} 42. Rxa6 a2 {[%clk 0:02:29]} 43. Rxa2 {[%clk
0:39:07]} Nxa2 {[%clk 0:02:53]} 44. Kh2 {[%clk 0:39:20]} f6 {[%clk 0:02:15]}
45. exf6+ {[%clk 0:39:27]} Kxf6 {[%clk 0:02:40]} 46. g3 {[%clk 0:39:46]} Kf5
{[%clk 0:02:56]} 47. Kg2 {[%clk 0:39:50]} Ke4 {[%clk 0:03:03]} 48. Kf2 {[%clk
0:40:02]} Be5 {[%clk 0:02:49]} 49. fxe5 {[%clk 0:40:06]} Kxe5 {[%clk 0:03:14]}
50. Ke3 {[%clk 0:40:31]} Kf5 {[%clk 0:02:56]} 51. Kf3 {[%clk 0:40:49]} e5
{[%clk 0:02:55]} 52. Ke3 {[%clk 0:41:14]} e4 {[%clk 0:03:12]} 53. Kf2 {[%clk
0:40:51]} Kg4 {[%clk 0:02:01]} 54. Ke3 {[%clk 0:41:07]} Kxg3 {[%clk 0:02:03]}
55. Kxe4 {[%clk 0:41:33]} Kxh4 {[%clk 0:02:25]} 56. Kf4 {[%clk 0:41:46]} g5+
{[%clk 0:02:47]} 57. Kf3 {[%clk 0:42:09]} Kh3 {[%clk 0:03:09]} 58. Kf2 {[%clk
0:42:34]} Kh2 {[%clk 0:03:32]} 59. Kf3 {[%clk 0:42:53]} g4+ {[%clk 0:03:56]}
60. Kf2 {[%clk 0:43:18]} g3+ {[%clk 0:04:17]} 61. Kf3 {[%clk 0:42:44]} g2
{[%clk 0:04:40]} 62. Ke4 {[%clk 0:43:05]} g1=Q {[%clk 0:05:04]} 63. Kd5 {[%clk
0:43:27]} Qe3 {[%clk 0:05:27]} 64. Kc4 {[%clk 0:43:40]} Qd2 {[%clk 0:05:32]}
65. Kc5 {[%clk 0:44:03]} Qd3 {[%clk 0:05:42]} 66. Kc6 {[%clk 0:43:35]} Qd4
{[%clk 0:06:03]} 67. Kb7 {[%clk 0:43:58]} Qd6 {[%clk 0:06:22]} 68. Ka8 {[%clk
0:44:11]} Qd7 {[%clk 0:06:43]} 69. Kb8 {[%clk 0:44:34]} Nc3 {[%clk 0:06:46]}
70. Ka8 {[%clk 0:44:59]} Nb5 {[%clk 0:07:11]} 71. Kb8 {[%clk 0:45:20]} h4
{[%clk 0:07:32]} 72. Ka8 {[%clk 0:45:33]} Qa7# {[%clk 0:07:26]} 0-1

[Event "DVM U14w 2016"]
[Site "Düsseldorf GER"]
[Date "2016.12.30"]
[Round "7"]
[White "Rosenhain, Rachela"]
[Black "Dietz, Kristin"]
[Result "1-0"]
[Termination "normal"]
[Board "2.1"]
[WhiteElo "1864"]
[BlackElo "1617"]
[WhiteClock "01:03:38"]
[BlackClock "01:03:13"]
[WhiteTeam "Schachpinguine Berlin"]
[BlackTeam "USV Halle"]
[PlyCount "57"]
[WhiteFideId "12957615"]
[BlackFideId "12993743"]
[EventCountry "GER"]
[EventRounds "7"]
[EventType "team-swiss"]
[EventDate "2016.12.26"]

1. d4 {[%clk 1:30:57]} Nf6 {[%clk 1:30:50]} 2. c4 {[%clk 1:31:22]} c5 {[%clk
1:31:14]} 3. d5 {[%clk 1:31:45]} b5 {[%clk 1:31:37]} 4. cxb5 {[%clk 1:31:37]}
a6 {[%clk 1:31:58]} 5. e3 {[%clk 1:31:46]} g6 {[%clk 1:32:13]} 6. Nc3 {[%clk
1:31:49]} d6 {[%clk 1:32:31]} 7. Nf3 {[%clk 1:30:47]} Bg7 {[%clk 1:32:18]} 8.
Be2 {[%clk 1:28:35]} O-O {[%clk 1:31:21]} 9. O-O {[%clk 1:26:00]} Nbd7 {[%clk
1:31:33]} 10. Qc2 {[%clk 1:23:03]} axb5 {[%clk 1:31:16]} 11. Bxb5 {[%clk
1:23:08]} Ba6 {[%clk 1:31:35]} 12. Bxa6 {[%clk 1:22:43]} Rxa6 {[%clk 1:31:52]}
13. Rd1 {[%clk 1:20:24]} Qa8 {[%clk 1:30:32]} 14. e4 {[%clk 1:19:25]} Rb8
{[%clk 1:28:43]} 15. h3 {[%clk 1:16:12]} Nb6 {[%clk 1:26:57]} 16. Nd2 {[%clk
1:11:05]} Nfd7 {[%clk 1:24:04]} 17. b3 {[%clk 1:07:54]} Bxc3 {[%clk 1:16:07]}
18. Qxc3 {[%clk 1:08:18]} Rxa2 {[%clk 1:16:04]} 19. Rxa2 {[%clk 1:08:45]} Qxa2
{[%clk 1:16:23]} 20. Bb2 {[%clk 1:09:12]} f6 {[%clk 1:16:09]} 21. Ra1 {[%clk
1:09:35]} Na4 {[%clk 1:15:58]} 22. Rxa2 {[%clk 1:09:47]} Nxc3 {[%clk 1:16:19]}
23. Bxc3 {[%clk 1:10:15]} Kf7 {[%clk 1:14:30]} 24. f4 {[%clk 1:09:21]} Nb6
{[%clk 1:12:09]} 25. Kf2 {[%clk 1:04:15]} f5 {[%clk 1:10:35]} 26. Ke3 {[%clk
1:03:32]} Rc8 {[%clk 1:04:42]} 27. Nc4 {[%clk 1:02:59]} Nd7 {[%clk 1:03:24]}
28. Ra7 {[%clk 1:03:15]} Nf6 {[%clk 1:03:13]} 29. Nxd6+ {[%clk 1:03:38]} 1-0

[Event "DVM U14w 2016"]
[Site "Düsseldorf GER"]
[Date "2016.12.30"]
[Round "7"]
[White "Fritsch, Lea"]
[Black "Schnabel, Luise"]
[Result "1/2-1/2"]
[Termination "normal"]
[Board "2.2"]
[WhiteElo "1428"]
[BlackElo "1678"]
[WhiteClock "00:20:43"]
[BlackClock "00:13:58"]
[WhiteTeam "USV Halle"]
[BlackTeam "Schachpinguine Berlin"]
[PlyCount "41"]
[WhiteFideId "16212436"]
[BlackFideId "12943347"]
[EventCountry "GER"]
[EventRounds "7"]
[EventType "team-swiss"]
[EventDate "2016.12.26"]

1. e4 {[%clk 1:30:59]} c5 {[%clk 1:30:53]} 2. Be2 {[%clk 1:31:17]} d6 {[%clk
1:30:51]} 3. f4 {[%clk 1:31:42]} Nf6 {[%clk 1:26:13]} 4. d3 {[%clk 1:31:55]} e6
{[%clk 1:24:33]} 5. Nf3 {[%clk 1:32:07]} Nc6 {[%clk 1:23:08]} 6. O-O {[%clk
1:31:43]} a6 {[%clk 1:21:14]} 7. c3 {[%clk 1:30:59]} b5 {[%clk 1:18:57]} 8. Re1
{[%clk 1:17:27]} d5 {[%clk 1:12:13]} 9. e5 {[%clk 1:08:40]} Nd7 {[%clk
1:11:17]} 10. Nbd2 {[%clk 1:03:37]} Qc7 {[%clk 1:05:07]} 11. Nb3 {[%clk
0:57:37]} Bb7 {[%clk 0:55:31]} 12. d4 {[%clk 0:34:36]} c4 13. Nbd2 {[%clk
0:34:50]} Be7 {[%clk 0:48:28]} 14. Nf1 {[%clk 0:34:40]} Nb6 {[%clk 0:40:54]}
15. Ng3 {[%clk 0:33:49]} Bc8 {[%clk 0:36:04]} 16. Qc2 {[%clk 0:31:58]} g6
{[%clk 0:33:39]} 17. Nf1 {[%clk 0:28:56]} Bd7 {[%clk 0:29:03]} 18. Ne3 {[%clk
0:28:53]} b4 {[%clk 0:27:37]} 19. Rb1 {[%clk 0:25:48]} Rc8 {[%clk 0:22:15]} 20.
Ng4 {[%clk 0:22:58]} a5 {[%clk 0:13:58]} 21. Bd2 {[%clk 0:20:43]} 1/2-1/2

[Event "DVM U14w 2016"]
[Site "Düsseldorf GER"]
[Date "2016.12.30"]
[Round "7"]
[White "Grey, Andrea"]
[Black "Stowicek, Yara Mathilda"]
[Result "1-0"]
[Termination "normal"]
[Board "2.3"]
[WhiteElo "1428"]
[BlackElo "1446"]
[WhiteClock "00:24:00"]
[BlackClock "01:11:12"]
[WhiteTeam "Schachpinguine Berlin"]
[BlackTeam "USV Halle"]
[PlyCount "107"]
[WhiteFideId "12971880"]
[BlackFideId "16203569"]
[EventCountry "GER"]
[EventRounds "7"]
[EventType "team-swiss"]
[EventDate "2016.12.26"]

1. c4 {[%clk 1:30:57]} e5 {[%clk 1:30:55]} 2. e4 {[%clk 1:31:21]} Nf6 {[%clk
1:31:17]} 3. Nc3 {[%clk 1:31:43]} Nc6 {[%clk 1:31:36]} 4. g3 {[%clk 1:31:03]}
Bc5 {[%clk 1:31:49]} 5. Bg2 {[%clk 1:30:40]} d6 {[%clk 1:31:47]} 6. h3 {[%clk
1:27:00]} Be6 {[%clk 1:30:56]} 7. d3 {[%clk 1:26:31]} h6 {[%clk 1:31:00]} 8.
Nge2 {[%clk 1:26:08]} O-O {[%clk 1:30:26]} 9. O-O {[%clk 1:26:00]} Qd7 {[%clk
1:29:33]} 10. Kh2 {[%clk 1:24:42]} Nh7 {[%clk 1:25:43]} 11. a3 {[%clk 1:21:22]}
a6 {[%clk 1:25:18]} 12. Bd2 {[%clk 1:20:35]} f5 {[%clk 1:24:49]} 13. Qc1 {[%clk
1:13:02]} Ba7 {[%clk 1:23:19]} 14. Be3 {[%clk 1:11:16]} Bxe3 {[%clk 1:17:07]}
15. Qxe3 {[%clk 1:10:58]} Rf7 {[%clk 1:17:04]} 16. f4 {[%clk 1:07:22]} Raf8
{[%clk 1:14:57]} 17. Rf2 {[%clk 1:03:15]} Ne7 {[%clk 1:13:11]} 18. Raf1 {[%clk
1:01:52]} Ng6 {[%clk 1:12:43]} 19. b4 {[%clk 0:57:32]} c6 {[%clk 1:12:18]} 20.
a4 {[%clk 0:48:18]} Rf6 {[%clk 1:09:56]} 21. b5 {[%clk 0:42:33]} axb5 {[%clk
1:08:08]} 22. axb5 {[%clk 0:40:11]} c5 {[%clk 1:08:08]} 23. Na4 {[%clk
0:33:05]} Qd8 {[%clk 1:05:58]} 24. exf5 {[%clk 0:30:24]} Bxf5 {[%clk 1:01:08]}
25. Bxb7 {[%clk 0:29:13]} exf4 {[%clk 1:00:12]} 26. Nxf4 {[%clk 0:26:56]} Nxf4
{[%clk 0:58:22]} 27. Rxf4 {[%clk 0:26:42]} Ng5 {[%clk 0:56:49]} 28. Bg2 {[%clk
0:25:41]} Ne6 {[%clk 0:55:31]} 29. R4f2 {[%clk 0:23:56]} Nd4 {[%clk 0:55:09]}
30. Nc3 {[%clk 0:19:37]} Qa5 {[%clk 0:52:11]} 31. Nd5 {[%clk 0:18:16]} Re6
{[%clk 0:50:35]} 32. Qd2 {[%clk 0:16:02]} Qxd2 {[%clk 0:47:24]} 33. Rxd2 {[%clk
0:16:26]} Ree8 {[%clk 0:45:38]} 34. b6 {[%clk 0:12:31]} Rb8 {[%clk 0:43:36]}
35. Ne7+ {[%clk 0:11:13]} Kh8 {[%clk 0:43:40]} 36. Nxf5 {[%clk 0:08:01]} Rxf5
{[%clk 0:43:06]} 37. Rxf5 {[%clk 0:05:51]} Nxf5 {[%clk 0:43:01]} 38. b7 {[%clk
0:04:53]} Ne3 {[%clk 0:42:43]} 39. Rb2 {[%clk 0:04:59]} Nxg2 {[%clk 0:42:39]}
40. Kxg2 {[%clk 0:05:23]} Kg8 {[%clk 0:42:40]} 41. Kf3 {[%clk 0:05:43]} Kf7
{[%clk 0:43:01]} 42. Ke4 {[%clk 0:05:49]} Ke6 {[%clk 0:42:46]} 43. h4 {[%clk
0:04:49]} h5 {[%clk 0:42:43]} 44. Rb3 {[%clk 0:03:40]} g6 {[%clk 0:42:58]} 45.
Rb6 {[%clk 0:02:38]} Kd7 {[%clk 0:42:49]} 46. Kd5 {[%clk 0:02:12]} Kc7 {[%clk
0:42:47]} 47. Rxd6 {[%clk 0:02:20]} Rxb7 {[%clk 0:42:36]} 48. Kxc5 {[%clk
0:01:43]} Rb3 {[%clk 0:42:06]} 49. Rxg6 {[%clk 0:28:01]} Rxd3 {[%clk 1:12:13]}
50. Rg7+ {[%clk 0:26:57]} Kd8 {[%clk 1:11:43]} 51. Kc6 {[%clk 0:26:04]} Rc3
{[%clk 1:11:12]} 52. c5 {[%clk 0:25:56]} Ke8 {[%clk 1:11:18]} 53. Rg5 {[%clk
0:24:00]} Kf7 {[%clk 1:11:12]} 54. Kd5 1-0

[Event "DVM U14w 2016"]
[Site "Düsseldorf GER"]
[Date "2016.12.30"]
[Round "7"]
[White "Delgado, Celina"]
[Black "Zhou, Lepu Coco"]
[Result "1/2-1/2"]
[Termination "normal"]
[Board "2.4"]
[WhiteElo "1398"]
[BlackElo "1645"]
[WhiteClock "00:00:59"]
[BlackClock "00:56:43"]
[WhiteTeam "USV Halle"]
[BlackTeam "Schachpinguine Berlin"]
[PlyCount "72"]
[WhiteFideId "12993735"]
[BlackFideId "16217136"]
[EventCountry "GER"]
[EventRounds "7"]
[EventType "team-swiss"]
[EventDate "2016.12.26"]

1. d4 {[%clk 1:30:57]} Nf6 {[%clk 1:30:54]} 2. c4 {[%clk 1:31:18]} c5 {[%clk
1:31:21]} 3. d5 {[%clk 1:31:24]} b5 {[%clk 1:31:37]} 4. cxb5 {[%clk 1:28:33]}
a6 {[%clk 1:31:56]} 5. bxa6 {[%clk 1:20:53]} g6 {[%clk 1:32:19]} 6. Nc3 {[%clk
1:20:13]} Bxa6 {[%clk 1:32:24]} 7. g3 {[%clk 1:19:18]} Bg7 {[%clk 1:31:57]} 8.
Bg2 {[%clk 1:19:13]} d6 {[%clk 1:31:26]} 9. Nf3 {[%clk 1:18:50]} O-O {[%clk
1:30:56]} 10. O-O {[%clk 1:18:45]} Nbd7 {[%clk 1:30:03]} 11. Re1 {[%clk
1:14:18]} Qc7 {[%clk 1:27:58]} 12. e4 {[%clk 1:11:02]} Rfb8 {[%clk 1:24:10]}
13. Qc2 {[%clk 1:07:53]} Ng4 {[%clk 1:21:02]} 14. Bf4 {[%clk 0:42:11]} Nge5
{[%clk 1:18:53]} 15. Nxe5 {[%clk 0:42:04]} Nxe5 {[%clk 1:16:50]} 16. Bxe5
{[%clk 0:39:43]} Bxe5 {[%clk 1:16:36]} 17. Rad1 {[%clk 0:29:58]} Qa5 {[%clk
1:14:46]} 18. a3 {[%clk 0:24:38]} Rxb2 {[%clk 1:13:51]} 19. Qxb2 {[%clk
0:21:51]} Bxc3 {[%clk 1:14:10]} 20. Qc1 {[%clk 0:19:53]} Bxe1 {[%clk 1:12:26]}
21. Rxe1 {[%clk 0:19:50]} Rb8 {[%clk 1:11:43]} 22. Bf1 {[%clk 0:15:35]} Bxf1
{[%clk 1:10:03]} 23. Kxf1 {[%clk 0:15:46]} Rb3 {[%clk 1:09:17]} 24. Re3 {[%clk
0:14:15]} Qb5+ {[%clk 1:09:23]} 25. Kg2 {[%clk 0:14:00]} Rxe3 {[%clk 1:08:49]}
26. Qxe3 {[%clk 0:14:06]} c4 {[%clk 1:08:23]} 27. Qc3 {[%clk 0:14:07]} Qb3
{[%clk 1:08:29]} 28. Qa5 {[%clk 0:05:47]} c3 {[%clk 1:06:23]} 29. Qd8+ {[%clk
0:05:04]} Kg7 {[%clk 1:06:30]} 30. Qxe7 {[%clk 0:04:00]} Qb1 {[%clk 1:05:04]}
31. Qxd6 {[%clk 0:02:37]} Qxe4+ {[%clk 1:05:00]} 32. Kh3 {[%clk 0:01:47]} c2
{[%clk 0:59:19]} 33. Qc5 {[%clk 0:00:34]} Qf5+ {[%clk 0:58:57]} 34. Kg2 {[%clk
0:00:40]} Qe4+ {[%clk 0:57:33]} 35. Kh3 {[%clk 0:00:43]} Qf5+ {[%clk 0:56:55]}
36. Kg2 {[%clk 0:00:59]} Qe4+ {[%clk 0:56:43]} 1/2-1/2

[Event "DVM U14w 2016"]
[Site "Düsseldorf GER"]
[Date "2016.12.30"]
[Round "7"]
[White "Weimert, Miriam"]
[Black "Ehmann, Johanna"]
[Result "1/2-1/2"]
[Termination "normal"]
[Board "3.1"]
[WhiteElo "1744"]
[BlackElo "1686"]
[WhiteTeam "SG Leipzig"]
[BlackTeam "SF Sasbach"]
[PlyCount "48"]
[WhiteFideId "12966703"]
[BlackFideId "12953130"]
[EventCountry "GER"]
[EventRounds "7"]
[EventType "team-swiss"]
[EventDate "2016.12.26"]

1. e4 e5 2. Nf3 Nc6 3. Bc4 Bc5 4. O-O Nf6 5. d4 exd4 6. e5 d5 7. exf6 dxc4 8.
fxg7 Rg8 9. Bg5 Be7 10. Bxe7 Kxe7 11. Nbd2 Kf6 12. Nxc4 Kxg7 13. Re1 Kh8 14.
Nce5 Nxe5 15. Rxe5 Bh3 16. g3 f6 17. Re4 c5 18. Qd2 Qd5 19. Rae1 Rae8 20. Qf4
Rxe4 21. Qxf6+ Rg7 22. Qf8+ Rg8 23. Qf6+ Rg7 24. Qf8+ Rg8 1/2-1/2

[Event "DVM U14w 2016"]
[Site "Düsseldorf GER"]
[Date "2016.12.30"]
[Round "7"]
[White "Höglauer, Jenny"]
[Black "Oswald, Lena"]
[Result "1/2-1/2"]
[Termination "normal"]
[Board "3.2"]
[WhiteElo "1643"]
[BlackElo "1541"]
[WhiteTeam "SF Sasbach"]
[BlackTeam "SG Leipzig"]
[PlyCount "62"]
[WhiteFideId "12982598"]
[BlackFideId "12983314"]
[EventCountry "GER"]
[EventRounds "7"]
[EventType "team-swiss"]
[EventDate "2016.12.26"]

1. e4 {[%emt 0:00:00]} c5 2. Nc3 g6 3. Bc4 Bg7 4. d3 Nc6 5. f4 e6 6. Nf3 Nge7
7. a3 O-O 8. O-O d5 9. exd5 Nxd5 10. Nxd5 exd5 11. Ba2 b5 12. c3 c4 13. d4 Bf5
14. Bb1 Bxb1 15. Rxb1 Na5 16. Be3 Nb3 17. Nd2 Nxd2 18. Qxd2 f5 19. Rbe1 Re8 20.
Re2 Re4 21. Rfe1 Qd7 22. Bf2 Rae8 23. Bh4 Kf7 24. Kf1 R8e6 25. Bf2 Rxe2 26.
Rxe2 Rxe2 27. Qxe2 Qe6 28. Qxe6+ Kxe6 29. Ke2 Bf6 30. g3 h5 31. h4 Kd6 1/2-1/2

[Event "DVM U14w 2016"]
[Site "Düsseldorf GER"]
[Date "2016.12.30"]
[Round "7"]
[White "Oswald, Hannah"]
[Black "Schneider, Katharina"]
[Result "0-1"]
[Termination "normal"]
[Board "3.3"]
[WhiteElo "1498"]
[BlackElo "1517"]
[WhiteTeam "SG Leipzig"]
[BlackTeam "SF Sasbach"]
[PlyCount "98"]
[WhiteFideId "16214960"]
[BlackFideId "16200519"]
[EventCountry "GER"]
[EventRounds "7"]
[EventType "team-swiss"]
[EventDate "2016.12.26"]

1. e4 {[%emt 0:00:00]} e5 2. Nf3 Nc6 3. Bc4 Bc5 4. O-O Nf6 5. d4 Bxd4 6. Nxd4
Nxd4 7. f4 d6 8. fxe5 dxe5 9. Bg5 Qe7 10. Bxf6 gxf6 11. Nd2 Be6 12. b3 O-O-O
13. c3 Nc6 14. Qe1 h5 15. Rd1 Rdg8 16. Kh1 Rh6 17. Qf2 Rhg6 18. Rg1 Rg4 19. Bb5
Bd7 20. Bxc6 Bxc6 21. Qxa7 b6 22. Qa6+ Kb8 23. Qe2 Bb7 24. c4 Bc8 25. Rdf1 h4
26. h3 Rg3 27. Nf3 f5 28. Nd2 f4 29. Nf3 Rd8 30. Rd1 Rxd1 31. Qxd1 Bb7 32. Qe2
Rg8 33. Rd1 Rh8 34. Kh2 f6 35. Qe1 Qh7 36. Nd2 Rd8 37. Nf3 Rh8 38. Nd2 Qg6 39.
Kh1 f5 40. Qe2 fxe4 41. Re1 e3 42. Nf3 e4 43. Nh2 Qg3 44. Rf1 f3 45. gxf3 exf3
46. Nxf3 Rf8 47. Qxe3 Bxf3+ 48. Rxf3 Rxf3 49. Qxf3 Qxf3+ 0-1

[Event "DVM U14w 2016"]
[Site "Düsseldorf GER"]
[Date "2016.12.30"]
[Round "7"]
[White "Schneider, Anna"]
[Black "Fege, Astrid"]
[Result "0-1"]
[Termination "normal"]
[Board "3.4"]
[WhiteElo "1381"]
[BlackElo "1330"]
[WhiteTeam "SF Sasbach"]
[BlackTeam "SG Leipzig"]
[PlyCount "134"]
[WhiteFideId "16200527"]
[BlackFideId "16217152"]
[EventCountry "GER"]
[EventRounds "7"]
[EventType "team-swiss"]
[EventDate "2016.12.26"]

1. e4 {[%emt 0:00:00]} c5 2. Nf3 d6 3. d4 cxd4 4. Nxd4 Nf6 5. Nc3 g6 6. f3 Bg7
7. Be3 O-O 8. Qd2 Nc6 9. O-O-O Nxd4 10. Bxd4 Be6 11. Kb1 Qc7 12. g4 Rfc8 13. h4
Qa5 14. a3 Rab8 15. h5 b5 16. hxg6 hxg6 17. Qg5 d5 18. Nxd5 Bxd5 19. exd5 b4
20. Qd2 Qa4 21. Be5 bxa3 22. Bxb8 axb2 23. c3 Qa1+ 24. Kc2 Rxb8 25. Be2 Qa4+
26. Kd3 Qb5+ 27. Ke3 Nxd5+ 28. Kf2 Qb6+ 29. Kg3 Nxc3 30. Rb1 Nxb1 31. Rxb1 Qd6+
32. Qxd6 exd6 33. Kf4 a5 34. Bd1 Ra8 35. Ba4 Rb8 36. Ke3 Rb4 37. Bc6 a4 38. Kd3
a3 39. Bd5 Rd4+ 40. Kc3 Rxd5+ 41. Kb3 Ra5 42. Ka2 d5 43. Rd1 Rb5 44. Rb1 Bf8
45. f4 d4 46. g5 Rd5 47. Rd1 d3 48. Rd2 Bb4 49. Rd1 d2 50. Kb1 Kf8 51. Kc2 Ra5
52. Kb1 Bc3 53. Ka2 Ke7 54. Rb1 Kd6 55. Rd1 Kd5 56. Rb1 Kc4 57. Rd1 Kd3 58. Rb1
Kc2 59. Rf1 d1=Q 60. Rxd1 Kxd1 61. Kb3 b1=Q+ 62. Kxc3 Rd5 63. Kc4 Rd8 64. Kc5
Qc2+ 65. Kb6 Rb8+ 66. Ka7 Rb1 67. Ka6 Qa4# 0-1

[Event "DVM U14w 2016"]
[Site "Düsseldorf GER"]
[Date "2016.12.30"]
[Round "7"]
[White "Reichelt, Lena"]
[Black "Geletzke, Hannah"]
[Result "0-1"]
[Termination "normal"]
[Board "4.1"]
[WhiteElo "1486"]
[BlackElo "1558"]
[WhiteTeam "SK Nordhorn-Blanke"]
[BlackTeam "SV Empor Erfurt"]
[PlyCount "86"]
[WhiteFideId "12981184"]
[BlackFideId "12983330"]
[EventCountry "GER"]
[EventRounds "7"]
[EventType "team-swiss"]
[EventDate "2016.12.26"]

1. e4 {[%emt 0:00:00]} c5 2. Nf3 d6 3. Bb5+ Bd7 4. Bxd7+ Nxd7 5. d4 cxd4 6.
Nxd4 Ngf6 7. Nc3 e6 8. Be3 Be7 9. O-O O-O 10. f4 Nc5 11. Qf3 a6 12. g4 Rc8 13.
g5 Nfd7 14. h4 Kh8 15. Bf2 b5 16. a3 Nb6 17. h5 Nc4 18. Qh3 Nd2 19. Rfe1 e5 20.
Nf3 Nxf3+ 21. Qxf3 exf4 22. Qxf4 Bxg5 23. Qg3 Re8 24. Rad1 Re5 25. Bd4 Bh4 26.
Qe3 Rg5+ 27. Kf1 Bxe1 28. Kxe1 Rxh5 29. Qf3 Qh4+ 30. Bf2 Qh1+ 31. Qxh1 Rxh1+
32. Ke2 Rxd1 33. Kxd1 Re8 34. Bxc5 dxc5 35. b4 cxb4 36. axb4 Kg8 37. Ke2 Kf8
38. Kd3 Ke7 39. Nd5+ Kd6 40. Kd4 Rc8 41. c3 Rc4+ 42. Kd3 Ke5 43. Ke3 Rxe4+ 0-1